000 01106nam2a2200229 4500
001 rc\2939852
005 20260315055708.0
035 _a(NLR Aleph) 007088710
090 _a13599430
_c13599430
100 _a20110824d1934 u y0rusy50 ca
101 0 _arus
102 _aRU
105 _aa z |||||
200 0 _aЗадание 2-е и 3-е
210 _d1934
215 _a[2], 43 с.
_cил.
461 0 _1001rc\2939851
_12001#$aФизика$e(Методическая разработка). Задание 2 и 3 ...$fГригорянц Н.А.$gМоск. гос. ун-т им. М.Н. Покровского. Сектор заоч. обучения$vЗадание 2-е и 3-е
_96551408
_aМосковский университет им. М.В. Ломоносова. Заочный сектор
_cМосква
_d1934
_e2-е изд.
_fГригорянц Н.А.
_nБ. и.
_o(Методическая разработка). Задание 2 и 3 ...
_tФизика
_vЗадание 2-е и 3-е
801 0 _aRU
_bNLR
_gpsbo
801 1 _aRU
_bELAR
_2rusmarc
852 _aNLR
_j34-20/327
942 _cUNSPEC
980 _aNB